000
00333 a2200145 4500
001
173853
020
_a
040
_c
Magnum
100
_a
Sales, Flavia
240
1
0
_a
Os sonhos e travessuras de afonsinho
_l
por
245
1
0
_a
Os sonhos e travessuras de afonsinho
362
0
_a
1899
697
_a
IJ/FADAS, FANTASIA
942
_c
BK
999
_c
173853
_d
173853